| 000 | 00368nam a2200121Ia 4500 | ||
|---|---|---|---|
| 008 | 220620s9999||||xx |||||||||||||| ||und|| | ||
| 245 | 0 |
_aRenal Transplantation _bUpdates and Advances |
|
| 546 | _aEnglish[eng] | ||
| 650 | _aGeneral surgery | ||
| 700 | _aLong, Layron | ||
| 856 | _uhttps://mts.intechopen.com/storage/books/791/authors_book/authors_book.pdf | ||
| 942 | _cEB | ||
| 999 |
_c23167 _d23167 |
||